[Event "Leiden op"]
[Site "Leiden"]
[Date "2007.02.18"]
[EventDate "?"]
[Round "5"]
[Result "0-1"]
[White "Stefan Johann"]
[Black "Anne Haast"]
[WhiteElo "2210"]
[BlackElo "1988"]
[PlyCount "80"]

1. d4 Nf6 2. c4 g6 3. Nc3 Bg7 4. e4 d6 5. f3 O-O 6. Be3 e5
7. d5 Na6 8. Bd3 Nd7 9. Nge2 f5 10. Qd2 f4 11. Bf2 Nac5
12. Bc2 a5 13. Na4 b6 14. Nac3 Ba6 15. Nb5 Nf6 16. Nec3 Qd7
17. O-O-O Bxb5 18. Nxb5 a4 19. Kb1 Rfb8 20. b4 axb3 21. axb3
Ra6 22. Kb2 Rba8 23. Ra1 g5 24. h3 h5 25. Rxa6 Rxa6 26. Ra1
Rxa1 27. Kxa1 g4 28. hxg4 hxg4 29. Kb2 Kf7 30. Bd1 gxf3
31. gxf3 Ncxe4 32. fxe4 Nxe4 33. Qe2 Nxf2 34. Qxf2 e4+ 35. Kc1
Qf5 36. Bc2 f3 37. Qe1 Qf4+ 38. Kb1 e3 39. Qc1 Qe5 40. Ka2 e2
0-1

[Event "Utrecht OKU op"]
[Site "Utrecht"]
[Date "2007.06.09"]
[EventDate "?"]
[Round "1"]
[Result "1-0"]
[White "Leon Pliester"]
[Black "Anne Haast"]
[WhiteElo "2370"]
[BlackElo "1988"]
[PlyCount "65"]

1. e4 e5 2. Nf3 Nc6 3. Bb5 a6 4. Ba4 Nf6 5. O-O Be7 6. Qe2 b5
7. Bb3 O-O 8. c3 d6 9. Rd1 Na5 10. Bc2 c5 11. d4 Qc7 12. d5
Bd7 13. h3 b4 14. c4 Rfe8 15. Nbd2 Bf8 16. Nf1 g6 17. g4 Bg7
18. Ng3 Reb8 19. b3 Nb7 20. Kh2 a5 21. Rg1 a4 22. Rb1 Qd8
23. Nf5 Bxf5 24. gxf5 axb3 25. axb3 Ra2 26. fxg6 hxg6 27. Bg5
Qd7 28. Nh4 Kh7 29. f4 Rh8 30. f5 Kg8 31. fxg6 Nxe4 32. gxf7+
Qxf7 33. Qxe4 1-0

[Event "Dieren op"]
[Site "Dieren"]
[Date "2007.07.27"]
[EventDate "?"]
[Round "4"]
[Result "1-0"]
[White "Migchiel de Jong"]
[Black "Anne Haast"]
[WhiteElo "2286"]
[BlackElo "2001"]
[PlyCount "133"]

1. e4 e5 2. Nf3 Nc6 3. Bb5 a6 4. Ba4 Nf6 5. O-O Be7 6. Re1 b5
7. Bb3 O-O 8. a4 Bb7 9. d3 Re8 10. Nbd2 Bf8 11. Ng5 d5
12. exd5 Nd4 13. Ba2 h6 14. c3 Nf5 15. Ngf3 Bxd5 16. Nxe5 Bxa2
17. Rxa2 Qd5 18. c4 Qc5 19. b4 Qd6 20. Ndf3 Qxb4 21. axb5 axb5
22. Rb2 Qa4 23. Rxb5 Qxd1 24. Rxd1 Ra1 25. Rf1 Nd6 26. Rb3 g5
27. Bb2 Rxf1+ 28. Kxf1 Bg7 29. Nc6 Nd7 30. Ba3 Ra8 31. Ne7+
Kh7 32. Nd5 Ra7 33. g4 Kg6 34. Ne7+ Kh7 35. Kg2 Nf6 36. h3 Ra6
37. Bxd6 cxd6 38. Nf5 Kg6 39. N3d4 Nd7 40. Nxg7 Kxg7 41. Nf5+
Kg6 42. d4 Nf8 43. c5 dxc5 44. dxc5 Ne6 45. c6 Ra1 46. Rc3 Nc7
47. Kf3 Ra4 48. Rc5 Ra3+ 49. Ne3 Kf6 50. Ke4 Ra4+ 51. Rc4 Ra5
52. Kd4 Ne6+ 53. Kc3 Nc7 54. Kb4 Rb5+ 55. Kc3 Ra5 56. Kd3 Ke5
57. Re4+ Kf6 58. Rd4 Ne6 59. Rc4 Nc7 60. Nf5 h5 61. Ng3 hxg4
62. hxg4 Ke5 63. Ne4 Ra3+ 64. Nc3 Ra6 65. Rc5+ Ke6 66. Kd4
Ra4+ 67. Nxa4 1-0

[Event "Dutch Championships (Women)"]
[Site "Hilversum NED"]
[Date "2008.04.04"]
[EventDate "2008.04.04"]
[Round "1"]
[Result "1-0"]
[White "Martine Middelveld"]
[Black "Anne Haast"]
[WhiteElo "2040"]
[BlackElo "2020"]
[PlyCount "47"]

1. d4 Nf6 2. Nf3 g6 3. g3 Bg7 4. Bg2 O-O 5. O-O d6 6. c4 Nbd7
7. Qc2 e5 8. Rd1 Qe8 9. Nc3 c6 10. e4 exd4 11. Nxd4 Nb6 12. b3
Bd7 13. Ba3 c5 14. Ndb5 Qe5 15. Nxd6 Ng4 16. Bb2 Qh5 17. h3
Ne5 18. Ne2 g5 19. g4 Qh4 20. Ng3 f5 21. Ndxf5 Bxf5 22. Nxf5
Rxf5 23. exf5 h5 24. Re1 1-0

[Event "Dutch Championships (Women)"]
[Site "Hilversum NED"]
[Date "2008.04.05"]
[EventDate "2008.04.04"]
[Round "2"]
[Result "0-1"]
[White "Laura Bensdorp"]
[Black "Anne Haast"]
[WhiteElo "2085"]
[BlackElo "2020"]
[PlyCount "66"]

1. e4 e5 2. Nf3 Nc6 3. Bc4 Bc5 4. b4 Bxb4 5. c3 Ba5 6. d4 exd4
7. O-O Nge7 8. cxd4 d5 9. exd5 Nxd5 10. Qb3 Be6 11. Ba3 Bb4
12. Bxb4 Ncxb4 13. a3 Nc6 14. Qxb7 Nce7 15. Bb5+ Kf8 16. Bc4
h6 17. Nbd2 g5 18. Ne5 Kg7 19. Rfd1 Nf4 20. Qe4 Ned5 21. Rac1
Nf6 22. Qe3 Bxc4 23. Rxc4 Re8 24. Qf3 c5 25. Nc6 Qd5 26. Qxd5
N6xd5 27. Rxc5 Re2 28. Kf1 Rae8 29. Ne5 Rb8 30. Nd3 Nxd3
31. Kxe2 Nxc5 32. dxc5 Nc3+ 33. Ke1 Re8+ 0-1

[Event "Dutch Championships (Women)"]
[Site "Hilversum NED"]
[Date "2008.04.06"]
[EventDate "2008.04.04"]
[Round "3"]
[Result "0-1"]
[White "Anne Haast"]
[Black "Bianca de Jong-Muhren"]
[WhiteElo "2020"]
[BlackElo "2297"]
[PlyCount "92"]

1. e4 c5 2. Nf3 e6 3. d4 cxd4 4. Nxd4 a6 5. Be3 Nf6 6. Nc3 Qc7
7. Qd2 Bb4 8. f3 d5 9. e5 Qxe5 10. O-O-O Qc7 11. Bf4 Qa5
12. Kb1 Nc6 13. Re1 Nxd4 14. Qxd4 Bd7 15. Bd3 Qc5 16. Be5 Qxd4
17. Bxd4 O-O 18. h4 Bd6 19. g4 Rfe8 20. Bf2 Bc6 21. h5 Nd7
22. g5 Nc5 23. Bxc5 Bxc5 24. g6 fxg6 25. hxg6 h6 26. f4 Bd6
27. f5 e5 28. f6 gxf6 29. Rxh6 Bf8 30. Rh7 Bg7 31. Bf5 b5
32. Ne2 Ra7 33. Ng3 Rb7 34. Reh1 Kf8 35. Nh5 d4 36. Rh2 Bd5
37. Ng3 e4 38. Bg4 Bg8 39. R7h4 Rbe7 40. Nf5 Rd7 41. Nxg7 Rxg7
42. Bf5 Re5 43. Bxe4 Rge7 44. g7+ Kxg7 45. Rg2+ Kf8 46. Rh8
Rg7 0-1

[Event "Dutch Championships (Women)"]
[Site "Hilversum NED"]
[Date "2008.04.09"]
[EventDate "2008.04.04"]
[Round "5"]
[Result "1-0"]
[White "Anne Haast"]
[Black "Marlies Bensdorp"]
[WhiteElo "2020"]
[BlackElo "2268"]
[PlyCount "55"]

1. e4 e6 2. d4 d5 3. Nc3 dxe4 4. Nxe4 Nd7 5. c4 Ngf6 6. Nc3
Be7 7. Nf3 O-O 8. Be2 c5 9. O-O cxd4 10. Nxd4 a6 11. Qc2 Qc7
12. Rd1 Re8 13. b3 Nf8 14. Bb2 Ng6 15. Rac1 Bd7 16. Ne4 Nxe4
17. Qxe4 Rad8 18. c5 e5 19. c6 exd4 20. Qxd4 Bf6 21. cxd7 Rxe2
22. Rxc7 Bxd4 23. Bxd4 Nf8 24. Bc5 b6 25. Kf1 Rc2 26. Rc8 Ne6
27. Rxd8+ Nxd8 28. Bxb6 1-0

[Event "Dutch Championships (Women)"]
[Site "Hilversum NED"]
[Date "2008.04.11"]
[EventDate "2008.04.04"]
[Round "7"]
[Result "0-1"]
[White "Anne Haast"]
[Black "Zhaoqin Peng"]
[WhiteElo "2020"]
[BlackElo "2465"]
[PlyCount "92"]

1. e4 e6 2. d4 d5 3. Nc3 Nf6 4. Bg5 Bb4 5. e5 h6 6. Bd2 Bxc3
7. bxc3 Ne4 8. Bd3 Nxd2 9. Qxd2 c5 10. f4 Qa5 11. Nf3 Nc6
12. Rb1 c4 13. Be2 Qxa2 14. O-O Qa3 15. Qe1 b6 16. Ra1 Qe7
17. Qg3 Rg8 18. f5 Bd7 19. fxe6 fxe6 20. Nh4 Kd8 21. Ng6 Qg5
22. Qxg5+ hxg5 23. Bg4 Kc7 24. Rf7 Rae8 25. h4 gxh4 26. Nf4
Kd8 27. Nxd5 Ref8 28. Rxf8+ Rxf8 29. Ne3 Na5 30. Rd1 Ke7
31. d5 Rf4 32. Bh3 g5 33. Ng4 exd5 34. Nf6 Be6 35. Bxe6 Kxe6
36. Nxd5 Rf5 37. Nc7+ Kxe5 38. Rd5+ Kf6 39. Ne8+ Kg6 40. Rd7
Re5 41. Nc7 Kf5 42. Rd4 Re4 43. Nb5 Rxd4 44. cxd4 Ke4 45. Nxa7
Kxd4 46. Nb5+ Ke3 0-1

[Event "Dutch Championships (Women)"]
[Site "Hilversum NED"]
[Date "2008.04.12"]
[EventDate "2008.04.04"]
[Round "8"]
[Result "1/2-1/2"]
[White "Talitha Munnik"]
[Black "Anne Haast"]
[WhiteElo "2002"]
[BlackElo "2020"]
[PlyCount "89"]

1. e4 e5 2. Nf3 Nc6 3. Bb5 a6 4. Ba4 Nf6 5. Qe2 Bd6 6. c3 b5
7. Bc2 O-O 8. O-O Bb7 9. d3 Re8 10. Rd1 Bf8 11. Nbd2 g6
12. Nf1 Bg7 13. Ng3 d5 14. Bg5 d4 15. Rab1 Qd6 16. Qe1 Nd7
17. cxd4 Nxd4 18. Nxd4 Qxd4 19. Be3 Qd6 20. b4 Nf8 21. Bb3 Ne6
22. Bxe6 Qxe6 23. Rbc1 Rac8 24. Rc2 f5 25. Ba7 Bh6 26. Nf1
Red8 27. f3 Rd7 28. Be3 f4 29. Ba7 Rcd8 30. Qe2 Bf8 31. Bc5
Bxc5+ 32. Rxc5 Rd4 33. a3 c6 34. Rc3 Qd6 35. Qa2+ Kg7 36. Qb3
Rd7 37. Kf2 Rc7 38. Rc5 Bc8 39. Qc3 Kf6 40. Ke2 Bd7 41. Nd2
Be6 42. Rc1 Qd8 43. Nb3 Bxb3 44. Qxb3 Qe8 45. R1c2 1/2-1/2

[Event "Dutch Championships (Women)"]
[Site "Hilversum NED"]
[Date "2008.04.13"]
[EventDate "2008.04.04"]
[Round "9"]
[Result "0-1"]
[White "Anne Haast"]
[Black "Pauline van Nies"]
[WhiteElo "2020"]
[BlackElo "2184"]
[PlyCount "72"]

1. e4 c5 2. Nf3 Nc6 3. d4 cxd4 4. Nxd4 Nf6 5. Nc3 d6 6. Be3
Ng4 7. Bg5 Qb6 8. Nd5 Qxd4 9. Qxd4 Nxd4 10. Nc7+ Kd8 11. Nxa8
Nxc2+ 12. Kd2 Nxa1 13. Bd3 Nxf2 14. Rxa1 Nxd3 15. Kxd3 b6
16. Rc1 Bb7 17. Nc7 g6 18. Kd2 h6 19. Be3 Bxe4 20. Nb5 Kd7
21. Rc7+ Ke6 22. Rxa7 Bg7 23. Nc7+ Kf5 24. Ra4 h5 25. Rb4 Rc8
26. Bxb6 Bh6+ 27. Ke2 Bxg2 28. a4 Bf4 29. Rb5+ e5 30. a5 Bxh2
31. a6 h4 32. a7 h3 33. Nd5 Bf4 34. Bg1 Bxd5 35. Rxd5 h2
36. Bxh2 Bxh2 0-1

[Event "Cappelle la Grande"]
[Site "Cappelle la Grande FRA"]
[Date "2009.03.03"]
[EventDate "2009.02.28"]
[Round "5"]
[Result "1-0"]
[White "Martyn Kravtsiv"]
[Black "Anne Haast"]
[WhiteElo "2510"]
[BlackElo "2077"]
[PlyCount "83"]

1. e4 e5 2. Nf3 Nc6 3. Bb5 a6 4. Ba4 Nf6 5. O-O Be7 6. Re1 b5
7. Bb3 d6 8. c3 O-O 9. h3 Na5 10. Bc2 c5 11. d4 Qc7 12. Nbd2
cxd4 13. cxd4 Nc6 14. Nb3 a5 15. Be3 a4 16. Nbd2 Bd7 17. Rc1
Qb7 18. Qe2 Rfe8 19. Bd3 Rab8 20. dxe5 Nxe5 21. Bb1 Nxf3+
22. Qxf3 Bc6 23. Bd4 Nd7 24. Qc3 Rbc8 25. Bxg7 Bxe4 26. Qg3
Bg6 27. Bc3 b4 28. Bd4 Qd5 29. Rxc8 Rxc8 30. Qg4 f5 31. Qf4
Ne5 32. h4 h6 33. Bxf5 Qf7 34. Bxe5 dxe5 35. Rxe5 Bd6 36. Qg4
Rc1+ 37. Nf1 Bxe5 38. Be6 Kg7 39. Bxf7 Kxf7 40. h5 Bb1
41. Qd7+ Kf6 42. Qd2 1-0

[Event "Tata Steel Group C"]
[Site "Wijk aan Zee NED"]
[Date "2012.01.27"]
[EventDate "2012.01.14"]
[Round "11"]
[Result "0-1"]
[White "Anne Haast"]
[Black "Tania Sachdev"]
[WhiteElo "2290"]
[BlackElo "2411"]
[PlyCount "80"]

1. e4 c5 2. Nf3 e6 3. d4 cxd4 4. Nxd4 a6 5. c4 Nf6 6. Nc3 Bb4
7. Bd3 Nc6 8. Be3 Qc7 9. O-O Ne5 10. Nf3 Nfg4 11. Bf4 Bd6
12. Nxe5 Nxe5 13. Bg3 h5 14. Qd2 h4 15. Bxe5 Bxe5 16. f4 Bd4+
17. Kh1 h3 18. g3 b6 19. Be2 Bc5 20. Bf3 Bb7 21. a3 Be7
22. Rac1 Rc8 23. Ne2 Rg8 24. Rcd1 Qd8 25. Qd3 Rc7 26. Nc3 Qc8
27. Na4 b5 28. cxb5 axb5 29. Nb6 Qd8 30. Qxb5 g5 31. fxg5 Rxg5
32. Qd3 Rgc5 33. Na4 Ra5 34. Qd4 e5 35. Qb6 Rxa4 36. Qb5 Rxe4
37. Qd3 Rd4 38. Qe2 Rxd1 39. Qxd1 Qa8 40. Kg1 Bc5+ 0-1

[Event "II Holuj-Radzikowski Mem"]
[Site "Warsaw POL"]
[Date "2012.07.02"]
[EventDate "2012.07.02"]
[Round "1.2"]
[Result "1-0"]
[White "Inga Charkhalashvili"]
[Black "Anne Haast"]
[WhiteElo "2324"]
[BlackElo "2255"]
[PlyCount "119"]

1. d4 Nf6 2. c4 c5 3. d5 b5 4. cxb5 a6 5. e3 Bb7 6. Nc3 Qa5
7. Bd2 axb5 8. Bxb5 Qb6 9. Qb3 e6 10. Nf3 Nxd5 11. O-O Be7
12. Na4 Qa7 13. Ne5 O-O 14. Nc3 d6 15. Nc4 Na6 16. Na5 Nxc3
17. bxc3 Rfb8 18. Nxb7 Rxb7 19. a4 Nc7 20. c4 Bf6 21. Bc3 Bxc3
22. Qxc3 Qa5 23. Qd3 Nxb5 24. cxb5 d5 25. h3 c4 26. Qd4 Rc8
27. Rfc1 c3 28. Ra3 Rxb5 29. Raxc3 Rxc3 30. Rxc3 Rb8 31. Kh2
h6 32. Rc5 Qa6 33. Qf4 Rd8 34. Rc7 Qd6 35. Rxf7 e5 36. Qf3 d4
37. Qb7 e4+ 38. g3 Qg6 39. Rd7 Rxd7 40. Qxd7 d3 41. Qd8+ Kf7
42. Qd7+ Kg8 43. Kg2 h5 44. a5 Kh7 45. Qd5 Kh6 46. h4 Kh7
47. a6 Qxa6 48. Qxe4+ Kh6 49. Qd5 Qa3 50. Qg5+ Kh7 51. Qxh5+
Kg8 52. Qe8+ Kh7 53. Qe4+ Kh8 54. Qe8+ Kh7 55. Qh5+ Kg8
56. Qd5+ Kh8 57. g4 Qb4 58. Qd8+ Kh7 59. Qxd3+ Kh8 60. Qf5 1-0

[Event "II Holuj-Radzikowski Mem"]
[Site "Warsaw POL"]
[Date "2012.07.08"]
[EventDate "2012.07.02"]
[Round "8.4"]
[Result "1-0"]
[White "Karina Szczepkowska-Horowska"]
[Black "Anne Haast"]
[WhiteElo "2376"]
[BlackElo "2255"]
[PlyCount "57"]

1. e4 c5 2. Nf3 e6 3. d3 d5 4. Nbd2 Nc6 5. g3 Nge7 6. Bg2 g6
7. O-O Bg7 8. Re1 O-O 9. Nf1 b6 10. e5 Qc7 11. Qe2 Bb7 12. h4
Rfc8 13. c3 b5 14. N1h2 d4 15. Bg5 Nd5 16. c4 bxc4 17. dxc4
Ba6 18. Rac1 h6 19. Qd2 hxg5 20. cxd5 exd5 21. e6 f6 22. hxg5
f5 23. Rxc5 Bc4 24. b3 Qd6 25. Rxc6 Rxc6 26. Nxd4 Bxd4
27. Qxd4 Re8 28. bxc4 dxc4 29. Qf6 1-0

[Event "European Team Championship (Women)"]
[Site "Reykjavik ISL"]
[Date "2015.11.14"]
[EventDate "2015.11.13"]
[Round "2.9"]
[Result "1-0"]
[White "Anne Haast"]
[Black "Aleksandra Milovic"]
[WhiteElo "2365"]
[BlackElo "2202"]
[PlyCount "102"]

1. e4 d5 2. exd5 Qxd5 3. Nc3 Qd8 4. d4 Nf6 5. Nf3 Bg4 6. h3
Bxf3 7. Qxf3 c6 8. Ne2 e6 9. g4 Qd5 10. Bg2 Qxf3 11. Bxf3 Na6
12. c3 Bd6 13. O-O Nc7 14. c4 O-O-O 15. a3 Rhe8 16. b4 e5
17. dxe5 Bxe5 18. Rb1 Rd3 19. Kg2 Ne6 20. Re1 h6 21. h4 g5
22. h5 Red8 23. a4 Rd1 24. Be3 Rxb1 25. Rxb1 Nd4 26. Rd1 Nxe2
27. Rxd8+ Kxd8 28. Bxe2 b6 29. Kf3 Kc7 30. Bd3 Bc3 31. b5 c5
32. Kg3 Be5+ 33. f4 gxf4+ 34. Bxf4 Kd6 35. Kf3 Bxf4 36. Kxf4
Ke6 37. Bf5+ Ke7 38. Ke5 Ne8 39. Kd5 Nd6 40. Bd3 Kd7 41. g5
hxg5 42. h6 f5 43. h7 Nf7 44. Bxf5+ Ke7 45. Bg6 Nh8 46. Bh5
Kf6 47. Kc6 Ke5 48. Kb7 Kd4 49. Kxa7 Kxc4 50. Kxb6 Kd4 51. a5
Ke4 1-0

[Event "TOP 12 Feminin GpB"]
[Site "Mulhouse FRA"]
[Date "2017.05.08"]
[EventDate "2017.05.05"]
[Round "5.3"]
[Result "0-1"]
[White "Anne Haast"]
[Black "Anastasia Savina"]
[WhiteElo "2305"]
[BlackElo "2364"]
[PlyCount "126"]

1. e4 Nc6 2. Nf3 d6 3. d4 Nf6 4. Nc3 g6 5. Be3 Bg7 6. Qd2 Bg4
7. d5 Nb8 8. Nd4 c5 9. dxc6 Nxc6 10. f3 Bd7 11. O-O-O O-O
12. Kb1 Nxd4 13. Bxd4 b5 14. h4 e5 15. Be3 b4 16. Ne2 Be6
17. Bh6 d5 18. Bxg7 Kxg7 19. Qxb4 Rb8 20. Qa3 Qb6 21. Nc3 d4
22. Nb5 Rfc8 23. c3 a6 24. Nxd4 exd4 25. cxd4 Bc4 26. g4 Qb5
27. Bh3 Be2 28. Rd2 Rc7 29. d5 Nd7 30. d6 Rc5 31. Re1 Bc4
32. f4 Kg8 33. g5 Be6 34. h5 Qb4 35. Qxb4 Rxb4 36. f5 gxf5
37. exf5 Bxf5+ 38. Bxf5 Rxf5 39. h6 Rb8 40. Re7 Rd8 41. Rde2
Kf8 42. Rg2 Ne5 43. Re2 Nd7 44. Rg2 Re5 45. Re2 Rxe2 46. Rxe2
Nc5 47. b4 Ne6 48. Re5 Rxd6 49. Kc2 Rc6+ 50. Kb2 Ke7 51. Rd5
Nc7 52. Rf5 Rb6 53. Kb3 Rb5 54. Rf3 Rxg5 55. a4 Rh5 56. Rc3
Kd6 57. Rf3 f5 58. Rd3+ Kc6 59. Rc3+ Kb6 60. Rc5 Ne6 61. Re5
Rxh6 62. a5+ Kb7 63. Kc4 Rf6 0-1

[Event "Dutch Championships (Women)"]
[Site "Amsterdam NED"]
[Date "2017.06.26"]
[EventDate "2017.06.26"]
[Round "1.2"]
[Result "1/2-1/2"]
[White "Anna-Maja Kazarian"]
[Black "Anne Haast"]
[WhiteElo "2242"]
[BlackElo "2266"]
[PlyCount "171"]

1. e4 c5 2. Nf3 Nc6 3. d4 cxd4 4. Nxd4 Qb6 5. Nb3 Nf6 6. Nc3
e6 7. Be3 Qc7 8. f4 Bb4 9. Bd3 d5 10. e5 Ne4 11. Bxe4 dxe4
12. O-O Bxc3 13. bxc3 b6 14. Nd2 Ba6 15. Rf2 O-O-O 16. Qg4 Ne7
17. Nxe4 Nf5 18. Bd4 h5 19. Qg5 Kb8 20. a4 Nxd4 21. cxd4 Rxd4
22. Nd6 f6 23. Qg3 h4 24. Qh3 Qc5 25. Qf3 Rd8 26. a5 Rb4
27. axb6 Rxb6 28. h3 Rd7 29. Qe4 Rb4 30. Qf3 Qb6 31. Kh2 Rc7
32. Rd2 Rb2 33. Qh5 Bc8 34. Qxh4 Qb4 35. Qf2 fxe5 36. Nxc8
Kxc8 37. fxe5 a5 38. Rad1 Qe4 39. Re1 Qc6 40. Qf8+ Kb7 41. Qa3
Rb5 42. Rd6 Qc4 43. Qf3+ Ka7 44. Qe3+ Rbc5 45. Ra1 Kb7
46. Rb1+ Ka7 47. Rbb6 g5 48. Rxe6 Qf4+ 49. Qxf4 gxf4 50. Ra6+
Kb7 51. Reb6+ Kc8 52. Ra8+ Kd7 53. e6+ Ke7 54. c4 Rc8 55. Raa6
R8c7 56. Rb5 Rxc4 57. Rbxa5 Kf6 58. Rh5 Re7 59. Rh6+ Kg5
60. Rh8 Re4 61. Rg8+ Kf6 62. h4 R7xe6 63. Rf8+ Kg7 64. Rxe6
Rxe6 65. Rxf4 Re3 66. Rf3 Re2 67. Kh3 Ra2 68. Rb3 Rc2 69. g4
Rc1 70. g5 Rc4 71. Kg3 Ra4 72. Rb7+ Kg6 73. Rb6+ Kg7 74. h5
Ra3+ 75. Kf4 Ra4+ 76. Ke3 Ra3+ 77. Kd4 Ra5 78. h6+ Kh7
79. Rb7+ Kh8 80. Rg7 Rd5+ 81. Ke4 Re5+ 82. Kf4 Rf5+ 83. Kg4
Rf4+ 84. Kh5 Rh4+ 85. Kg6 Rxh6+ 86. Kxh6 1/2-1/2

[Event "Dutch Championships (Women)"]
[Site "Amsterdam NED"]
[Date "2017.06.27"]
[EventDate "2017.06.26"]
[Round "2.3"]
[Result "1-0"]
[White "Anne Haast"]
[Black "Maaike Keetman"]
[WhiteElo "2266"]
[BlackElo "2144"]
[PlyCount "99"]

1. e4 c5 2. Nf3 e6 3. d4 cxd4 4. Nxd4 Nc6 5. Nc3 Qc7 6. Qd3
Nxd4 7. Qxd4 a6 8. Be3 b5 9. a4 b4 10. Na2 a5 11. c3 Ne7
12. Bb5 Nc6 13. Qd2 Be7 14. O-O O-O 15. cxb4 Nxb4 16. Rac1 Qe5
17. Nc3 f5 18. f4 Qb8 19. e5 Rd8 20. Qf2 Ba6 21. Rcd1 Bxb5
22. axb5 Qb7 23. Rd2 d5 24. exd6 Rxd6 25. Rxd6 Bxd6 26. Rd1
Nd5 27. Qf3 Re8 28. Bf2 Qf7 29. Nxd5 exd5 30. g3 Re4 31. Qd3
Rb4 32. Qxd5 Qxd5 33. Rxd5 Be7 34. b6 Rxb2 35. Rxa5 g6 36. Ra7
Bd6 37. Rd7 Rxf2 38. Kxf2 Bc5+ 39. Ke2 Bxb6 40. Rd1 Kg7
41. Rd7+ Kg8 42. h3 Bc5 43. g4 fxg4 44. hxg4 Bf8 45. Kf3 Bg7
46. Ke4 Bf6 47. Kd5 h5 48. gxh5 gxh5 49. Ke6 Bg7 50. Kf5 1-0

[Event "Dutch Championships (Women)"]
[Site "Amsterdam NED"]
[Date "2017.06.28"]
[EventDate "2017.06.26"]
[Round "3.2"]
[Result "0-1"]
[White "Tea Bosboom-Lanchava"]
[Black "Anne Haast"]
[WhiteElo "2295"]
[BlackElo "2266"]
[PlyCount "86"]

1. c4 e5 2. Nc3 Nf6 3. g3 d5 4. cxd5 Nxd5 5. Bg2 Nb6 6. Nf3
Nc6 7. O-O Be7 8. d3 O-O 9. a3 Re8 10. b4 Bf8 11. Be3 a5
12. b5 Nd4 13. Nd2 Rb8 14. Nb3 Nxb3 15. Qxb3 Be6 16. Qc2 Qd7
17. Ne4 Nd5 18. Bd2 Qxb5 19. Rfb1 Qd7 20. Ng5 b6 21. d4 Bf5
22. e4 Bg6 23. dxe5 Rxe5 24. Qb2 Qe7 25. Re1 Nf6 26. f4 Ng4
27. Re2 Rxg5 28. h3 Qc5+ 29. Kh1 Qc4 30. Rae1 Rb5 31. Qa1 Nf6
32. f5 Bh5 33. Re3 Qc2 34. Bc3 Bc5 35. Bd4 Bxd4 36. Qxd4 Rb2
37. Rg1 Be2 38. e5 Ne8 39. e6 Nd6 40. exf7+ Nxf7 41. Qd7 Bb5
42. Qe6 Rf8 43. Qd5 Qd2 0-1

[Event "Dutch Championships (Women)"]
[Site "Amsterdam NED"]
[Date "2017.06.29"]
[EventDate "2017.06.26"]
[Round "4.2"]
[Result "1/2-1/2"]
[White "Anne Haast"]
[Black "Lisa Hortensius"]
[WhiteElo "2266"]
[BlackElo "2155"]
[PlyCount "67"]

1. e4 c5 2. Nf3 e6 3. d4 cxd4 4. Nxd4 Nc6 5. Nc3 Qc7 6. Qd3
Nf6 7. Ndb5 Qb8 8. Qg3 d6 9. Be3 a6 10. Nd4 Bd7 11. O-O-O b5
12. Bd3 Ne5 13. f4 Nxd3+ 14. cxd3 h5 15. Kb1 b4 16. Nce2 Be7
17. Qf3 Qb7 18. Rc1 Rc8 19. g3 g6 20. h3 Rxc1+ 21. Bxc1 e5
22. Nb3 Be6 23. Nd2 a5 24. b3 d5 25. fxe5 dxe4 26. Qg2 Qb5
27. Nc4 Bxc4 28. bxc4 Qxe5 29. Bb2 Qd6 30. dxe4 Qd3+ 31. Ka1
O-O 32. Nf4 Qxc4 33. Rc1 Qxe4 34. Qf1 1/2-1/2

[Event "Dutch Championships (Women)"]
[Site "Amsterdam NED"]
[Date "2017.06.30"]
[EventDate "2017.06.26"]
[Round "5.1"]
[Result "1-0"]
[White "Zhaoqin Peng"]
[Black "Anne Haast"]
[WhiteElo "2386"]
[BlackElo "2266"]
[PlyCount "117"]

1. d4 d5 2. Nf3 Nf6 3. Bf4 c5 4. e3 Nc6 5. Nbd2 Bg4 6. c3 e6
7. Bb5 Qb6 8. Qa4 Nd7 9. Ne5 Ndxe5 10. Bxe5 Bh5 11. Nb3 f6
12. Bg3 Kf7 13. dxc5 Bxc5 14. Nxc5 Qxc5 15. O-O a6 16. Bd3 Bg6
17. e4 Rhd8 18. Rfe1 Rac8 19. Bf4 d4 20. Rac1 Qb6 21. Qa3 dxc3
22. Rxc3 Qb4 23. Rec1 Qxa3 24. bxa3 Ne7 25. Kf1 Ke8 26. Be3
Rxc3 27. Rxc3 Rxd3 28. Rxd3 Bxe4 29. Rd2 Bd5 30. f4 Nc8
31. Bc5 b6 32. Bd4 Nd6 33. a4 Nc4 34. Rd3 Bc6 35. Bxb6 Bxa4
36. Bc5 Bc6 37. Kf2 Bd5 38. g4 Kf7 39. a3 h6 40. Rd4 g5 41. f5
Ne5 42. Kg3 Nc6 43. Rd1 Ne5 44. Bd4 Nc6 45. fxe6+ Bxe6 46. Bc3
Ke7 47. Rf1 Ne5 48. Bxe5 fxe5 49. Rb1 e4 50. Rb6 a5 51. Ra6
Kf6 52. Rxa5 Bc4 53. Rc5 Bb3 54. Kf2 Bd1 55. h3 Kg6 56. Rc6+
Kg7 57. Rc1 Bb3 58. Ke3 h5 59. Rc7+ 1-0

[Event "Dutch Championships (Women)"]
[Site "Amsterdam NED"]
[Date "2017.07.01"]
[EventDate "2017.06.26"]
[Round "6.4"]
[Result "0-1"]
[White "Arlette van Weersel"]
[Black "Anne Haast"]
[WhiteElo "2203"]
[BlackElo "2266"]
[PlyCount "104"]

1. e4 c5 2. Nf3 e6 3. d4 cxd4 4. Nxd4 a6 5. Bd3 b5 6. O-O Qb6
7. Nb3 Bb7 8. Be3 Qc7 9. a4 Nf6 10. axb5 axb5 11. Rxa8 Bxa8
12. Nc3 b4 13. Nb5 Qc8 14. Bf4 Na6 15. Qa1 Bb7 16. Na5 Nc5
17. Nc4 Ncxe4 18. Nc7+ Ke7 19. Qa5 Ne8 20. Bxe4 Bxe4 21. Qxb4+
Kd8 22. Qa5 Nxc7 23. Rd1 Bd5 24. Nb6 Qb7 25. c4 Bc6 26. b4 Ke8
27. b5 Bxg2 28. Bxc7 Bc5 29. Nxd7 Bxf2+ 30. Kxf2 Qf3+ 31. Kg1
Qxd1+ 32. Kxg2 Kxd7 33. Bg3 Qe2+ 34. Kg1 Rc8 35. b6 Qxc4
36. Qa7+ Kc6 37. Bc7 Qc5+ 38. Kg2 Qc2+ 39. Kg1 Qd1+ 40. Kg2
Qd5+ 41. Kg1 Qb5 42. Kg2 h5 43. Bg3 h4 44. Bf2 h3+ 45. Kxh3
Qf5+ 46. Kg2 Qd5+ 47. Kg1 Kb5 48. Qa3 Qg5+ 49. Kf1 Qc1+
50. Qxc1 Rxc1+ 51. Ke2 Kc6 52. Bd4 Rc2+ 0-1

[Event "Dutch Championships (Women)"]
[Site "Amsterdam NED"]
[Date "2017.07.02"]
[EventDate "2017.06.26"]
[Round "7.1"]
[Result "1-0"]
[White "Anne Haast"]
[Black "Mariska Bertholee"]
[WhiteElo "2266"]
[BlackElo "2270"]
[PlyCount "109"]

1. e4 c5 2. Nf3 e6 3. d4 cxd4 4. Nxd4 a6 5. c4 Nf6 6. Nc3 Bb4
7. Qd3 Nc6 8. Nc2 Bc5 9. Be2 Ne5 10. Qg3 d6 11. O-O Ng6
12. Rd1 h5 13. b4 h4 14. Qd3 Ne5 15. Qd2 Ba7 16. c5 h3 17. g3
d5 18. Qg5 Ng6 19. exd5 exd5 20. Nxd5 Nxd5 21. Qxd8+ Kxd8
22. Rxd5+ Kc7 23. Bb2 Be6 24. Rdd1 f6 25. Ne3 Rad8 26. Nc4 Bd5
27. Nd6 Be6 28. Bf3 b6 29. cxb6+ Bxb6 30. Rac1+ Kb8 31. Rc6
Ka7 32. Bd4 Bxd4 33. Rc7+ Kb8 34. Rb7+ Ka8 35. Rxg7+ Kb8
36. Rb7+ Ka8 37. Rxd4 Ne5 38. Be4 Bc8 39. Rb5+ Ka7 40. Rc5 Kb8
41. f4 Nf7 42. Rxc8+ Rxc8 43. Nxc8 Rxc8 44. Rd7 Rc1+ 45. Kf2
Nh6 46. Rb7+ Kc8 47. Rh7 Ng4+ 48. Ke2 Kd8 49. Rxh3 Rc3 50. Bf5
Ne3 51. g4 Nd5 52. Rxc3 Nxc3+ 53. Kd3 Nxa2 54. Kc4 Nc1 55. Bd3
1-0

[Event "TCh-BEL -18"]
[Site "Belgium BEL"]
[Date "2017.11.19"]
[EventDate "2017.09.24"]
[Round "4.2"]
[Result "1/2-1/2"]
[White "Sebastien Feller"]
[Black "Anne Haast"]
[WhiteElo "2569"]
[BlackElo "2296"]
[PlyCount "188"]

1. Nf3 d5 2. d4 c5 3. c4 dxc4 4. e3 Nf6 5. Bxc4 e6 6. O-O Nc6
7. Nc3 cxd4 8. Nxd4 Nxd4 9. exd4 Be7 10. d5 exd5 11. Nxd5 Nxd5
12. Bxd5 O-O 13. Be3 Bg5 14. Re1 Bxe3 15. Rxe3 g6 16. Qb3 a5
17. Rae1 a4 18. Bxf7+ Kg7 19. Qc3+ Qf6 20. Bd5 Qxc3 21. Rxc3
Bf5 22. Rc7+ Kf6 23. Rxb7 Rae8 24. Rxe8 Rxe8 25. f4 g5
26. Rb6+ Kg7 27. fxg5 Re5 28. Bf3 Be6 29. a3 Bb3 30. h4 Re1+
31. Kh2 Rb1 32. Rb7+ Kg8 33. h5 Rxb2 34. h6 Ra2 35. Bh5 Kh8
36. Bf3 Bg8 37. Rd7 Ra1 38. Bd5 Bxd5 39. Rxd5 Kg8 40. Rd3 Ra2
41. Kh3 Rc2 42. g3 Rc4 43. Rd7 Re4 44. Rg7+ Kh8 45. Rf7 Kg8
46. Rf4 Re5 47. Rxa4 Rxg5 48. Rg4 Kh8 49. a4 Ra5 50. Rb4 Rh5+
51. Rh4 Ra5 52. Kg2 Kg8 53. Kf3 Kf7 54. Ke3 Rg5 55. Kd4 Rxg3
56. Kc4 Ke6 57. a5 Kd6 58. Kb5 Kc7 59. Rc4+ Kb8 60. Rc6 Kb7
61. a6+ Kb8 62. Rb6+ Ka8 63. Rf6 Rg8 64. Kb6 Kb8 65. Kc6 Ka7
66. Kd5 Rg1 67. Re6 Rg2 68. Ke4 Rg1 69. Ke5 Rg2 70. Kf6 Rg6+
71. Kf7 Rg1 72. Kf8 Rg2 73. Re7+ Kxa6 74. Rxh7 Rg6 75. Rh8 Rc6
76. Kf7 Kb7 77. Rh7 Kb6 78. Ke8 Rc8+ 79. Kf7 Rc6 80. Rh8 Kb7
81. Ke7 Rc7+ 82. Ke6 Rc6+ 83. Ke5 Rg6 84. Kf4 Rc6 85. Kg4 Rc4+
86. Kg5 Rc5+ 87. Kf6 Rc6+ 88. Ke7 Rc7+ 89. Kd6 Rc6+ 90. Kd5
Rg6 91. Ke4 Rc6 92. Kf4 Rc4+ 93. Kf5 Rc5+ 94. Ke4 Rc6 1/2-1/2